13C-NMR study on the microstructure of chlorinated polypropylene (Record no. 53237)

MARC details
000 -LEADER
fixed length control field 00556nam a2200217Ia 4500
100 ## - MAIN ENTRY--AUTHOR NAME
Personal name Wang Wei
245 #0 - TITLE STATEMENT
Title 13C-NMR study on the microstructure of chlorinated polypropylene
260 ## - PUBLICATION, DISTRIBUTION, ETC. (IMPRINT)
Name of publisher Journal of Polymer Materials
Year of publication 2005
300 ## - PHYSICAL DESCRIPTION
Number of Pages 261-266
650 ## - SUBJECT ADDED ENTRY--TOPICAL TERM
Topical Term 13C-NMR
650 ## - SUBJECT ADDED ENTRY--TOPICAL TERM
Topical Term Chemical shift
650 ## - SUBJECT ADDED ENTRY--TOPICAL TERM
Topical Term Chlorinated polypropylene
700 ## - ADDED ENTRY--PERSONAL NAME
Personal name Chen Tao
700 ## - ADDED ENTRY--PERSONAL NAME
Personal name Chiliang
700 ## - ADDED ENTRY--PERSONAL NAME
Personal name Wang
700 ## - ADDED ENTRY--PERSONAL NAME
Personal name Wang Jianfeng
700 ## - ADDED ENTRY--PERSONAL NAME
Personal name Wang Li
700 ## - ADDED ENTRY--PERSONAL NAME
Personal name Yu Haojie
942 ## - ADDED ENTRY ELEMENTS (KOHA)
Koha item type Journals
Holdings
Withdrawn status Lost status Damaged status Not for loan Home library Current library Shelving location Date acquired Serial Enumeration / chronology Koha item type
      Journals RRII Library RRII Library Rubber chemistry 17/12/2021 Volume 22, Issue 3 Journals